Normal view
MARC view
- Menzies, Stewart,
Entry Personal Name
001 - CONTROL NUMBER
- control field: 7914
003 - CONTROL NUMBER IDENTIFIER
- control field: OSt
005 - DATE AND TIME OF LATEST TRANSACTION
- control field: 20170525084113.0
008 - FIXED-LENGTH DATA ELEMENTS
- fixed length control field: 170525|| aca||aabn | a|a d
040 ## - CATALOGING SOURCE
- Original cataloging agency: OSt
- Transcribing agency: OSt
100 ## - HEADING--PERSONAL NAME
- Personal name: Menzies, Stewart,
- Titles and other words associated with a name: Sir,
- Dates associated with a name: 1890-1968.
670 ## - SOURCE DATA FOUND
- Source citation: Work cat.: (OSt): Brown, Anthony Cave, 1929- 7913, "C" , c1987.

PORTAL AKMAL
E-MEL JKDM
AKMAL2U
G-BAM
u-PUSTAKA